[Event "RSA-chT U20A"]
[Site "Boksburg"]
[Date "2018.12.16"]
[Round "1.4"]
[White "Mbhele, Philani"]
[Black "Mabitsela, Modiba"]
[Result "1-0"]
[WhiteElo "1238"]
[BlackElo "993"]
[PlyCount "63"]
[EventDate "2018.12.16"]
[EventType "team-tourn"]
[EventRounds "7"]
[EventCountry "RSA"]
[SourceTitle "EXT 2020"]
[Source "ChessBase"]
[SourceDate "2019.10.17"]
[SourceVersion "1"]
[SourceVersionDate "2019.10.17"]
[SourceQuality "1"]
[WhiteTeam "Ethekwini U20"]
[BlackTeam "Capricorn U20"]
[WhiteTeamCountry "RSA"]
[BlackTeamCountry "RSA"]

1. d4 e6 2. e3 d5 3. Bd3 c6 4. Nd2 Nf6 5. f4 Be7 6. Ngf3 b5 7. 0-0 0-0 8. Ne5 Bb7 9. g4 Nfd7 10. g5 Nxe5 11. dxe5 g6 12. h4 Re8 13. h5 Bf8 14. hxg6 fxg6 15. c3 Na6 16. Rf2 Nc5 17. Bc2 Bg7 18. Rh2 Qd7 19. b4 Na6 20. Bb2 c5 21. a3 c4 22. Ne4 Bc6 23. Nf6+ Bxf6 24. gxf6 Qf7 25. Qg4 Rac8 26. Kf2 Red8 27. Rah1 h5 28. Rxh5 Qxf6 29. Bxg6 Qg7 30. Qxe6+ Kf8 31. Rh8+ Qxh8 32. Qf7# 1-0